000 00308nam a22001337a 4500
008 170405b xxu||||| |||| 00| 0 eng d
020 _a9780071440356
041 _aeng
080 _24TH
_a616.15
100 _a9
101 _aSHM
245 _aHEMATOLOGY IN CLINICAL PRACTICE
_cHILLMAN, R.S
942 _2udc
_cBK
999 _c9892
_d9892